000 00989naa a22002777a 4500
001 BR8905193
003 BR-BrBNA
005 20240918180537.0
007 ta
008 230509b bl.||||| |||| 00| 0 por d
040 _aBR-BrBNA
_bpor
_cBiblioteca Nacional de Agricultura
041 _a(Pt)
072 _aF61
_b3750
_b0300
090 _aF61 BR8905193
100 1 _aQuaggio, J.A.
100 1 _aSilva, N.M. da
100 1 _aBerton, R.S.
245 1 _aRespostas de culturas oleaginosas a micronutrientes
260 3 _aJaboticabal, SP (Brasil):
_c1988.
500 _aSimposio sobre Micronutrientes na Agricultura. Vol. 2. Versao preliminar Jaboticabal, SP (Brasil): 1988. p. 1021-1091 (BR8905193-AM)F61
650 _aMICROELEMENTO
650 _aPLANTA OLEAGINOSA
773 0 _tSimposio sobre Micronutrientes na Agricultura. Vol. 2. Versao preliminar
_wF61 BR8905193
_gJaboticabal, SP (Brasil), 1988. p. 1021-1091
909 _a202404
_bLucia
_c55
_dLucia Elande
942 _cAM
_2AGRIS
999 _c320973
_d320973